Úkol Výsun zkoušky raketového odminovače ROD TN v letech 1961-1963

Bibliographic Details
Main Author: Dubánek, Martin (Author)
Format: Article
Language:Czech
Slovak
PhysicalDescription:Fotogr.,výkresy
ISSN:1802-4823
Subjects:
Online Access:http://www.atmonline.cz

MARC

LEADER 00000nab a2200000 a 4500
001 vtls010282982
003 SK-MaSNL
005 20260304213932.0
008 180405 2011 xo m | 000 0 cze
015 |a SNBRB2011/06  |2 lmaosk 
040 |a LMAOSK  |b slo  |c LMAOSK  |e AACR2 
041 0 |a cze  |a slo 
044 |a xo  |c SK 
080 |a 623.958.3  |2 2001 
080 |a 355.48  |2 2001 
100 1 |a Dubánek, Martin  |4 aut  |9 537608 
245 1 0 |a Úkol Výsun  |b zkoušky raketového odminovače ROD TN v letech 1961-1963  |c Martin Dubánek 
300 |b Fotogr.,výkresy 
500 |a Obsahuje taktické údaje ROD TN 
504 |a Bibliogr. odkazy 
650 0 7 |a Vojenská história. Dejiny vojen, vojnových ťažení, bojov. Vojenské hrdinské činy, dobývanie  |2 lmaosk  |9 1085648 
650 0 7 |a druhá svetová vojna (1939-1945)  |2 SNKPH  |9 169657 
650 0 7 |a ROD TN (rakerový odmínovač)  |2 lmaosk  |9 1547359 
650 0 7 |a odmínovanie  |2 lmaosk  |9 50999 
650 0 7 |a 1961-1963  |2 lmaosk  |9 1547356 
650 0 7 |a odmínovacie zariadenia  |2 lmaosk  |9 70988 
773 0 |t ATM  |g Roč. 43, č. 4 (2011), s. 68-71  |x 1802-4823 
852 |a LMAOSK  |b KIS3GCP 
856 4 1 |u http://www.atmonline.cz 
958 |a NB 
999 |c 3138413  |d 3140343